000
00475nam a2200145Ia 4500
003
LDD
008
190117s9999 xx 000 0 und d
020
_c
₹65
040
_c
LDD
041
_a
hi
082
_a
8h3.7 रो3664हि
100
_a
रोडरमल, गार्डन चार्ल्स
245
0
_a
हिन्दी कहानी अ-गाव का दर्शन
_c
गार्डन चार्ल्स रोडरमल
942
_2
ddc
_c
H
999
_c
168917
_d
168917